000 00570nam a2200217Ia 4500
003 0100
008 130227s9999 xx 000 0 und d
040 _cARRUPELIB
050 _aBL51.C534
100 _aChristian, William A.
245 _aOpposition of religious doctrines
245 _ba study in the logic of dialogue among religious
260 _aNew York
260 _bHerder and Herder
260 _C1972
300 _a129p.
300 _b 23 cm
440 _aPhilosophy of religion series
650 _bAfrica, South - Native races
942 _2lcc
_01
999 _c1371
_d1371